Class, conflict, and mobility: theories and studies of class structure (Record no. 4558)

MARC details
000 -LEADER
fixed length control field 00646nam a2200241Ia 4500
020 ## - INTERNATIONAL STANDARD BOOK NUMBER
ISBN 81-7033-974-X
082 ## - DEWEY DECIMAL CLASSIFICATION NUMBER
Classification number 305.512 LOP-C
100 ## - MAIN ENTRY--AUTHOR NAME
Personal name Lopreato, Joseph
245 #0 - TITLE STATEMENT
Title Class, conflict, and mobility: theories and studies of class structure
260 ## - PUBLICATION, DISTRIBUTION, ETC. (IMPRINT)
Place of publication Jaipur
Name of publisher Rawat Publications
Year of publication 2005
300 ## - PHYSICAL DESCRIPTION
Number of Pages xix, 576
504 ## - BIBLIOGRAPHY, ETC. NOTE
Bibliography, etc includes index
650 ## - SUBJECT ADDED ENTRY--TOPICAL TERM
Topical Term Social classes
650 ## - SUBJECT ADDED ENTRY--TOPICAL TERM
Topical Term Social conflicit
650 ## - SUBJECT ADDED ENTRY--TOPICAL TERM
Topical Term Social mobility
650 ## - SUBJECT ADDED ENTRY--TOPICAL TERM
Topical Term Socialism
650 ## - SUBJECT ADDED ENTRY--TOPICAL TERM
Topical Term Class, distinction
650 ## - SUBJECT ADDED ENTRY--TOPICAL TERM
Topical Term Social stratification
650 ## - SUBJECT ADDED ENTRY--TOPICAL TERM
Topical Term Class conflict
650 ## - SUBJECT ADDED ENTRY--TOPICAL TERM
Topical Term Marxism
700 ## - ADDED ENTRY--PERSONAL NAME
Personal name Hazelrigg, Lawrence E.
942 ## - ADDED ENTRY ELEMENTS (KOHA)
Koha item type Books
Holdings
Withdrawn status Lost status Damaged status Not for loan Home library Current library Date acquired Source of acquisition Bill Date Full call number Accession Number Price effective from Koha item type
        NASSDOC Library NASSDOC Library 10/02/2006 CLASS 2006-01-04 305.512 LOP-C 41271 18/04/2019 Books